[Event "Bremen Silvester op-A"]
[Site "Bremen"]
[Date "2022.12.28"]
[Round "3"]
[White "Franz, Tobias"]
[Black "Hoerr, Matthias"]
[Result "1/2-1/2"]
[WhiteElo "1848"]
[BlackElo "2077"]
[PlyCount "79"]
[EventDate "2022.12.27"]
[EventType "swiss"]
[EventRounds "7"]
[EventCountry "GER"]
[SourceTitle "CBM 211 Extra"]
[Source "ChessBase"]
[SourceDate "2023.01.31"]
[SourceVersion "1"]
[SourceVersionDate "2023.01.31"]
[SourceQuality "1"]

1. e4 c5 2. Nf3 d6 3. d4 cxd4 4. Nxd4 Nf6 5. Nc3 g6 6. f3 Bg7 7. Be3 0-0 8. Qd2 Nc6 9. 0-0-0 d5 10. Nxc6 bxc6 11. Bh6 Be6 12. Bxg7 Kxg7 13. exd5 Bxd5 14. Nxd5 cxd5 15. g4 e6 16. h4 h5 17. Qd4 Qb6 18. Qe5 Qb8 19. Qg5 Rh8 20. Bd3 Qd6 21. Rhg1 Rab8 22. Kb1 Rb4 23. c3 Rf4 24. Bxg6 fxg6 25. gxh5 Rh6 26. hxg6 Rf5 27. Qe3 Qb6 28. Qe2 Rxh4 29. Rh1 Rxh1 30. Rxh1 Kxg6 31. Qg2+ Kf7 32. Rg1 Ke7 33. Qg7+ Kd6 34. Qf8+ Kc6 35. Qc8+ Kb5 36. Rg7 Ka5 37. Rb7 Rxf3 38. Rxb6 axb6 39. Qxe6 Rf4 40. Qc6 1/2-1/2

[Event "Bremen Silvester op-A"]
[Site "Bremen"]
[Date "2022.12.28"]
[Round "4"]
[White "Franz, Tobias"]
[Black "Issing, Peter"]
[Result "0-1"]
[WhiteElo "1848"]
[BlackElo "2106"]
[PlyCount "44"]
[EventDate "2022.12.27"]
[EventType "swiss"]
[EventRounds "7"]
[EventCountry "GER"]
[SourceTitle "CBM 211 Extra"]
[Source "ChessBase"]
[SourceDate "2023.01.31"]
[SourceVersion "1"]
[SourceVersionDate "2023.01.31"]
[SourceQuality "1"]

1. e4 c5 2. Nf3 e6 3. d4 cxd4 4. Nxd4 Nc6 5. Nb5 d6 6. c4 Nf6 7. N1c3 a6 8. Na3 Be7 9. Be2 0-0 10. 0-0 b6 11. Be3 Rb8 12. f4 Bb7 13. Qb3 Ba8 14. Rad1 Qc7 15. Qc2 Nb4 16. Qd2 d5 17. exd5 exd5 18. Bd4 dxc4 19. Nxc4 Rbd8 20. Qc1 Rxd4 21. Rxd4 Bc5 22. Rfd1 Nc6 0-1

[Event "Oberliga Ost-A 1920"]
[Site "Germany"]
[Date "2021.07.17"]
[Round "10.8"]
[White "Franz, Tobias"]
[Black "Liedtke, Matthias"]
[Result "0-1"]
[WhiteElo "1843"]
[BlackElo "2235"]
[PlyCount "66"]
[EventDate "2019.09.29"]
[EventType "team-tourn"]
[EventRounds "11"]
[EventCountry "GER"]
[SourceTitle "EXT 2023"]
[Source "ChessBase"]
[SourceDate "2022.10.05"]
[SourceVersion "1"]
[SourceVersionDate "2022.10.05"]
[SourceQuality "1"]
[WhiteTeam "Plauen Koenig II"]
[BlackTeam "Leipzig SG"]
[WhiteTeamCountry "GER"]
[BlackTeamCountry "GER"]

1. e4 e6 2. d4 d5 3. exd5 exd5 4. Nf3 Nc6 5. Be2 Bd6 6. Nc3 Nf6 7. Bg5 Be6 8. 0-0 h6 9. Be3 0-0 10. h3 a6 11. a3 Qd7 12. Qd2 Ne4 13. Nxe4 dxe4 14. Nh2 Rad8 15. c3 Na5 16. Rad1 Nc4 17. Bxc4 Bxc4 18. Rfe1 f5 19. f4 Bb3 20. Rc1 b5 21. Nf1 c6 22. Qf2 Qf7 23. Nd2 Bd5 24. Kh2 Kh7 25. Rg1 g5 26. g3 Rg8 27. Rce1 Rg7 28. Ref1 Be6 29. Re1 Rdg8 30. Rg2 Qc7 31. Rf1 Qb8 32. Kh1 gxf4 33. Bxf4 Bxf4 0-1

[Event "Oberliga Ost-A 1920"]
[Site "Germany"]
[Date "2019.11.16"]
[Round "2.7"]
[White "Franz, Tobias"]
[Black "Hentzgen, Thomas"]
[Result "0-1"]
[WhiteElo "1843"]
[BlackElo "2024"]
[PlyCount "110"]
[EventDate "2019.09.29"]
[EventType "team-tourn"]
[EventRounds "11"]
[EventCountry "GER"]
[SourceTitle "EXT 2021"]
[Source "ChessBase"]
[SourceDate "2020.10.23"]
[SourceVersion "1"]
[SourceVersionDate "2020.10.23"]
[SourceQuality "1"]
[WhiteTeam "Plauen Koenig II"]
[BlackTeam "Halle USV"]
[WhiteTeamCountry "GER"]
[BlackTeamCountry "GER"]

1. e4 e6 2. d4 d5 3. Nc3 Bb4 4. e5 c5 5. a3 Ba5 6. Nf3 Nc6 7. Bb5 Bd7 8. Bxc6 Bxc6 9. 0-0 Ne7 10. Bg5 h6 11. Bd2 Bb6 12. Ne2 Nf5 13. dxc5 Bxc5 14. Bb4 Bxb4 15. axb4 Qb6 16. c3 Bb5 17. Re1 Bxe2 18. Rxe2 0-0 19. Rd2 a5 20. bxa5 Rxa5 21. Rxa5 Qxa5 22. Nd4 Nxd4 23. Rxd4 Ra8 24. h3 Qc7 25. Ra4 Rxa4 26. Qxa4 Qxe5 27. Qe8+ Kh7 28. Qxf7 Qe2 29. Qxb7 Qe1+ 30. Kh2 Qxf2 31. b4 Qf4+ 32. Kg1 Qe3+ 33. Kh1 Qxc3 34. b5 Qe1+ 35. Kh2 Qe5+ 36. Kh1 d4 37. b6 d3 38. Qc7 Qxc7 39. bxc7 d2 40. c8Q d1Q+ 41. Kh2 Qe2 42. Qd7 Qe5+ 43. Kg1 Qf5 44. Kh2 h5 45. Qe7 e5 46. Qh4 Qf4+ 47. Qxf4 exf4 48. g3 g5 49. gxf4 gxf4 50. Kg2 Kg6 51. h4 Kf5 52. Kf3 Ke5 53. Kf2 Ke4 54. Kg2 Ke3 55. Kg1 Ke2 0-1

[Event "GER-chT U20"]
[Site "Berlin"]
[Date "2005.12.30"]
[Round "7.6"]
[White "Buck, Andreas"]
[Black "Franz, Tobias"]
[Result "1/2-1/2"]
[WhiteElo "1166"]
[BlackElo "1703"]
[PlyCount "108"]
[EventDate "2005.12.27"]
[EventType "team-swiss"]
[EventRounds "7"]
[EventCountry "GER"]
[SourceTitle "EXT 2022"]
[Source "ChessBase"]
[SourceDate "2021.10.06"]
[SourceVersion "1"]
[SourceVersionDate "2021.10.06"]
[SourceQuality "1"]
[WhiteTeam "Puschendorf U20"]
[BlackTeam "Plauen Koenig U20"]
[WhiteTeamCountry "GER"]
[BlackTeamCountry "GER"]

1. e4 e5 2. Nf3 Nf6 3. Nxe5 d6 4. Nf3 Nxe4 5. Nc3 Nxc3 6. dxc3 Be7 7. Bf4 Nc6 8. Qd2 a5 9. 0-0-0 Bd7 10. Bd3 Rb8 11. h4 b5 12. h5 b4 13. Rdg1 bxc3 14. Qxc3 Bf6 15. Qe1+ Be6 16. c3 Ne5 17. Bxe5 Bxe5 18. Nxe5 Qg5+ 19. Kb1 Qxe5 20. Qxe5 dxe5 21. Re1 0-0 22. Rxe5 Ra8 23. f4 Bc8 24. Rhe1 Bb7 25. Be4 Bxe4+ 26. R1xe4 h6 27. Rc5 Ra7 28. g4 Rd8 29. Kc2 Kf8 30. g5 Rd6 31. Rec4 hxg5 32. fxg5 Rd7 33. Ra4 Ra8 34. Raxa5 Re8 35. Re5 Red8 36. a4 c6 37. c4 Rd3 38. Rac5 Rd2+ 39. Kb3 Rb8+ 40. Kc3 Rdxb2 41. Rxc6 Ra2 42. a5 Ra3+ 43. Kd4 Ra8 44. Rcc5 Rh3 45. Rb5 Rxh5 46. a6 f6 47. gxf6 Rxe5 48. Kxe5 gxf6+ 49. Kxf6 Rxa6+ 50. Ke5 Ke7 51. Rb7+ Kd8 52. c5 Kc8 53. Rg7 Rc6 54. Kd5 Rc7 1/2-1/2

[Event "GER-chT U20"]
[Site "Berlin"]
[Date "2005.12.27"]
[Round "2.6"]
[White "Franz, Tobias"]
[Black "Stiefel, Michael"]
[Result "1/2-1/2"]
[WhiteElo "1703"]
[BlackElo "2057"]
[PlyCount "55"]
[EventDate "2005.12.27"]
[EventType "team-swiss"]
[EventRounds "7"]
[EventCountry "GER"]
[SourceTitle "EXT 2022"]
[Source "ChessBase"]
[SourceDate "2021.10.06"]
[SourceVersion "1"]
[SourceVersionDate "2021.10.06"]
[SourceQuality "1"]
[WhiteTeam "Plauen Koenig U20"]
[BlackTeam "Baden-Baden U20"]
[WhiteTeamCountry "GER"]
[BlackTeamCountry "GER"]

1. e4 c5 2. Nf3 e6 3. d4 cxd4 4. Nxd4 a6 5. a3 Qc7 6. Nc3 b5 7. Be3 Bb7 8. Bd3 Nf6 9. 0-0 d6 10. Kh1 Nbd7 11. f3 Be7 12. Qe1 0-0 13. Qg3 Rfe8 14. Rfe1 Ne5 15. Rad1 Rac8 16. f4 Nc4 17. Bxc4 Qxc4 18. e5 Nd5 19. Nxd5 Bxd5 20. c3 Red8 21. Nf3 Bxf3 22. Qxf3 d5 23. Rf1 Qc7 24. Bd4 g6 25. Qg3 Kh8 26. Qh3 Bc5 27. Qh4 Qe7 28. Qg3 1/2-1/2

[Event "GER-chT U20"]
[Site "Ditzingen"]
[Date "2003.12.29"]
[Round "6.6"]
[White "Moeller, Hendrik"]
[Black "Franz, Tobias"]
[Result "1-0"]
[WhiteElo "2105"]
[BlackElo "1714"]
[PlyCount "77"]
[EventDate "2003.12.27"]
[EventType "team-swiss"]
[EventRounds "7"]
[EventCountry "GER"]
[SourceTitle "EXT 2022"]
[Source "ChessBase"]
[SourceDate "2021.10.06"]
[SourceVersion "1"]
[SourceVersionDate "2021.10.06"]
[SourceQuality "1"]
[WhiteTeam "Hamburger SK U20"]
[BlackTeam "Plauen Koenig U20"]
[WhiteTeamCountry "GER"]
[BlackTeamCountry "GER"]

1. e4 e5 2. Nf3 Nc6 3. Bb5 a6 4. Bxc6 bxc6 5. d4 exd4 6. Qxd4 Nf6 7. Bg5 Be7 8. 0-0 0-0 9. c4 d6 10. h3 Bb7 11. Nc3 Re8 12. Rfe1 Nd7 13. Bxe7 Qxe7 14. Rad1 Rad8 15. b3 Nc5 16. Qe3 Ne6 17. Nd4 Nxd4 18. Rxd4 Qf6 19. c5 Re7 20. Red1 Qe5 21. R4d3 Red7 22. f4 Qe7 23. b4 Re8 24. Qd2 Red8 25. e5 d5 26. Ne2 Qe6 27. Nd4 Qe7 28. e6 fxe6 29. Re1 Qf7 30. Rxe6 Re8 31. f5 Rde7 32. Rg3 Kh8 33. Qg5 Rxe6 34. fxe6 Qf8 35. Rf3 Qg8 36. Rf7 Bc8 37. Qf4 Bxe6 38. Nxe6 Rxe6 39. Rf8 1-0

[Event "Erlangen op 17th"]
[Site "Erlangen"]
[Date "2002.??.??"]
[Round "?"]
[White "Franz, Tobias"]
[Black "Ludwig, Frank"]
[Result "1-0"]
[WhiteElo "1750"]
[BlackElo "100"]
[PlyCount "49"]
[EventDate "2002.??.??"]
[EventType "swiss"]
[EventRounds "5"]
[EventCountry "GER"]
[SourceTitle "EXT 2005"]
[Source "ChessBase"]
[SourceDate "2004.11.15"]
[SourceVersion "1"]
[SourceVersionDate "2004.11.15"]
[SourceQuality "1"]

1. e4 c6 2. d4 d5 3. Nc3 dxe4 4. Nxe4 Nd7 5. Nf3 Ngf6 6. Ng3 e6 7. Bd3 Be7 8. 0-0 0-0 9. Ng5 c5 10. Be3 Qc7 11. c4 cxd4 12. Bxd4 b6 13. Nh5 h6 14. Ne4 e5 15. Be3 Bb7 16. Neg3 Rfd8 17. Nxg7 Nc5 18. Bxc5 Bxc5 19. N7h5 Nxh5 20. Nxh5 Qc6 21. Qg4+ Kf8 22. Qg7+ Ke7 23. Qxe5+ Kf8 24. Qg7+ Ke7 25. Rae1+ 1-0

[Event "GER-chT U16"]
[Site "Bensdorf"]
[Date "2001.12.30"]
[Round "7.4"]
[White "Dransfeld, Marius"]
[Black "Franz, Tobias"]
[Result "0-1"]
[WhiteElo "1412"]
[BlackElo "1635"]
[PlyCount "90"]
[EventDate "2001.12.??"]
[EventType "team-tourn"]
[EventRounds "7"]
[EventCountry "GER"]
[SourceTitle "EXT 2003"]
[Source "ChessBase"]
[SourceDate "2002.11.25"]
[SourceVersion "1"]
[SourceVersionDate "2002.11.25"]
[SourceQuality "1"]

1. e4 e5 2. Nf3 Nc6 3. d4 exd4 4. Nxd4 d6 5. Nc3 Nf6 6. Bc4 Be7 7. Be3 Ne5 8. Be2 0-0 9. h3 Re8 10. Qd2 a6 11. f4 Nc6 12. 0-0-0 Bd7 13. g4 Kh8 14. g5 Ng8 15. h4 Bf8 16. h5 Qe7 17. h6 gxh6 18. Nxc6 Bxc6 19. Bd4+ f6 20. gxf6 Nxf6 21. Bd3 Bg7 22. Bxf6 Qxf6 23. Rde1 b5 24. Re2 b4 25. Nd1 a5 26. c3 b3 27. a3 Re7 28. Rhe1 Rae8 29. Nf2 h5 30. Nh3 Bd7 31. Ng1 Bh6 32. Rf2 d5 33. e5 Rxe5 34. Rxe5 Rxe5 35. Kb1 Re8 36. Ne2 Bf5 37. Bxf5 Qxf5+ 38. Kc1 c5 39. Ng3 Qg6 40. Ne2 h4 41. Rh2 Bxf4 42. Nxf4 Qg1+ 43. Qd1 Re1 44. Rd2 Rxd1+ 45. Rxd1 Qe3+ 0-1

[Event "GER-chT U16"]
[Site "Bensdorf"]
[Date "2001.12.29"]
[Round "6.4"]
[White "Collmann, Jan"]
[Black "Franz, Tobias"]
[Result "0-1"]
[WhiteElo "1473"]
[BlackElo "1635"]
[PlyCount "110"]
[EventDate "2001.12.??"]
[EventType "team-tourn"]
[EventRounds "7"]
[EventCountry "GER"]
[SourceTitle "EXT 2003"]
[Source "ChessBase"]
[SourceDate "2002.11.25"]
[SourceVersion "1"]
[SourceVersionDate "2002.11.25"]
[SourceQuality "1"]

1. e4 e5 2. Nf3 Nc6 3. Bb5 a6 4. Bxc6 dxc6 5. d4 exd4 6. Qxd4 Qxd4 7. Nxd4 Bc5 8. Be3 Nf6 9. f3 0-0 10. Nc3 Nd7 11. 0-0-0 Ne5 12. Bf4 Bd6 13. Bg3 f6 14. Rhe1 Re8 15. Re2 Bd7 16. a3 g6 17. Rde1 Bc5 18. Nb3 Bb6 19. Na4 Rad8 20. Nxb6 cxb6 21. Rd1 Re7 22. Red2 Kf7 23. Bf2 c5 24. Nxc5 bxc5 25. Bxc5 h5 26. Bxe7 Kxe7 27. Rd6 Nc4 28. R6d4 Ne5 29. h3 Nc6 30. Rd5 Be6 31. Rxd8 Nxd8 32. Rd2 Nc6 33. f4 Na5 34. b3 Bxb3 35. cxb3 Nxb3+ 36. Kc2 Nxd2 37. Kxd2 Ke6 38. Kc3 g5 39. fxg5 fxg5 40. Kd4 b6 41. g3 g4 42. hxg4 hxg4 43. e5 b5 44. Kc5 Kxe5 45. Kb6 Kd4 46. Kxa6 Kc5 47. Ka5 Kc4 48. Kb6 b4 49. axb4 Kxb4 50. Kc6 Kc4 51. Kd6 Kd4 52. Ke6 Ke4 53. Kf6 Kf3 54. Kg5 Kxg3 55. Kg6 Kf3 0-1